000 01860nam a2200349 i 4500
003 DO-SdBNP
005 20250116073946.0
006 a||||br|||| 00| 0
007 ta
008 240509t1994 dr adb|| |||| 00| 0 spa d
040 _aDO-SdBNP
_bspa
_cBNPHU
_erda
082 4 _222
_bJ58m 1994
100 _aJs. Morales, Mariana, de,
_eautora
_985426
245 1 0 _aMatemática y ciencias naturales 6º:
_blibro del alumno /
_cMariana de Js. Morales, Rafael Guillermo Díaz, Elfrida Pimentel, Mirian Astacio.
246 1 1 _aMatemática y ciencias naturales sexto:
_blibro del alumno /
264 4 _a[Santo Domingo] :
_bPrograma de Mejoramiento de la Educación Básica,
_c©1994
300 _a126, 82 páginas :
_bilustraciones, gráficas, mapas ;
_c26 cm.
336 _2rdacontent
_atexto
_btxt
337 _2rdamedia
_asin mediación
_bn
338 _2rdacarrier
_avolumen
_bnc
501 _aCon: Matemática, páginas 1 - 126 / Mariana de Js. Morales, Rafael Guillermo Díaz. Con: Ciencias Naturales, páginas [126] 1 - 82 / Elfrida Pimentel, Mirian Astacio.
505 _a Matemática /
_rMariana de Js. Morales y Rafael Guillermo Díaz.
505 _a Ciencias Naturales /
_rElfrida Pimentel, Mirian Astacio.
_tPrimera Unidad. Nuestro Ambiente.--
_tSegunda Unidad. Efectos del Clima en la Comunidad.--
_tTercera Unidad. La Agropecuaria en la República Dominicana.
590 _aInventariado 2024 / MF
650 4 _aCiencias Naturales
_vLibro de texto
_984058
650 4 _aMatemáticas
_xLibros textos
_981233
700 1 _aGuillermo Díaz, Rafael,
_eautor
_tMatemática 6º
_985427
700 1 _aPimentel, Elfrida
_9344
_eautora
_tCiencas Natutales 6º
700 1 _aAstacio, Mirian
_eautora
_tCiencas Natutales 6º
_985428
710 1 _aRepública Dominicana.
_bSecretaría de Estado de Educación, Bellas Artes y Cultos
_923965
942 _2ddc
_cLBS1
999 _c56623
_d56623